[Event "WchT Seniors 65"]
[Site "Rhodes"]
[Date "2019.04.22"]
[Round "7.1"]
[White "Balashov, Yuri S"]
[Black "Karasev, Vladimir I"]
[Result "1-0"]
[WhiteElo "2470"]
[BlackElo "2281"]
[PlyCount "75"]
[EventDate "2019.04.16"]
[EventType "team-swiss"]
[EventRounds "9"]
[EventCountry "GRE"]
[SourceTitle "CBM 190 Extra"]
[Source "ChessBase"]
[SourceDate "2019.07.15"]
[SourceVersion "1"]
[SourceVersionDate "2019.07.15"]
[SourceQuality "1"]
[WhiteTeam "Russia 65+"]
[BlackTeam "Saint Petersburg"]
[WhiteTeamCountry "RUS"]
[BlackTeamCountry "RUS"]

1. d4 Nf6 2. c4 d6 3. Nf3 Nbd7 4. Nc3 e5 5. e4 c6 6. Be2 exd4 7. Nxd4 Nc5 8. f3 g6 9. 0-0 Bg7 10. Kh1 0-0 11. Nb3 Ne6 12. Be3 Qe7 13. Qd2 Rd8 14. Rad1 b6 15. Nd4 Bb7 16. Rfe1 Nxd4 17. Bxd4 Ne8 18. f4 Bxd4 19. Qxd4 Qf6 20. Qe3 Rd7 21. Bg4 Re7 22. Qg3 Qg7 23. Re2 g5 24. Bf5 Ba6 25. fxg5 Bxc4 26. Re3 Be6 27. Rf3 Bxf5 28. exf5 Re5 29. Qf4 Kh8 30. Ne4 Nc7 31. Nxd6 Rf8 32. Ne4 Nd5 33. f6 Nxf4 34. fxg7+ Kxg7 35. Rxf4 Rfe8 36. Nd6 Rd8 37. Rxf7+ Kg6 38. Rff1 1-0

[Event "Wch Seniors 65 28th"]
[Site "Bled"]
[Date "2018.11.28"]
[Round "10"]
[White "Lind, Jan Olov"]
[Black "Karasev, Vladimir I"]
[Result "0-1"]
[WhiteElo "2215"]
[BlackElo "2314"]
[PlyCount "117"]
[EventDate "2018.11.18"]
[EventType "swiss"]
[EventRounds "11"]
[EventCountry "SLO"]
[SourceTitle "CBM 187 Extra"]
[Source "ChessBase"]
[SourceDate "2018.11.04"]
[SourceVersion "1"]
[SourceVersionDate "2018.11.04"]
[SourceQuality "1"]

1. e4 c5 2. Nf3 e6 3. d3 Nc6 4. g3 d5 5. Nbd2 Nf6 6. Bg2 Be7 7. 0-0 b6 8. Re1 Bb7 9. a3 Qc7 10. c3 h6 11. exd5 Nxd5 12. Nc4 Bf6 13. Qe2 0-0-0 14. Bd2 b5 15. Ne3 Nb6 16. Ng4 Be7 17. Bf4 Bd6 18. Bxd6 Rxd6 19. Nd2 f5 20. Ne3 Rhd8 21. Nc2 e5 22. Nb3 c4 23. dxc4 Nxc4 24. Ne3 Nxe3 25. Qxe3 e4 26. Bh3 Qf7 27. Nc5 Qh5 28. Nxb7 Kxb7 29. Bg2 Rd3 30. Qc5 R3d5 31. Qe3 Rd3 32. Qf4 Qg5 33. a4 Qxf4 34. gxf4 b4 35. cxb4 Nxb4 36. Rac1 a5 37. Rc5 R8d5 38. Rec1 Kb6 39. Rc8 Rd1+ 40. Rxd1 Rxd1+ 41. Bf1 Nd5 42. Rf8 Kc5 43. Rb8 g5 44. fxg5 hxg5 45. Rg8 e3 46. fxe3 Nxe3 47. Kf2 Rxf1+ 48. Kxe3 g4 49. Ke2 Rf3 50. h4 Kd4 51. Rd8+ Ke4 52. Rc8 Rb3 53. h5 Rxb2+ 54. Kf1 Rh2 55. Rc5 g3 56. Rc4+ Kf3 57. Rc3+ Kg4 58. Rc5 Rxh5 59. Kg1 0-1

[Event "Bled Planinc Memorial 1st"]
[Site "Bled"]
[Date "2018.11.24"]
[Round "2"]
[White "Karasev, Vladimir I"]
[Black "Janzelj, Lara"]
[Result "1-0"]
[WhiteElo "2314"]
[BlackElo "2239"]
[PlyCount "127"]
[EventDate "2018.11.24"]
[EventType "swiss (blitz)"]
[EventRounds "9"]
[EventCountry "SLO"]
[SourceTitle "CBM 187 Extra"]
[Source "ChessBase"]
[SourceDate "2018.11.04"]
[SourceVersion "1"]
[SourceVersionDate "2018.11.04"]
[SourceQuality "1"]

1. e4 e5 2. Bc4 Nf6 3. d3 d5 4. exd5 Nxd5 5. Nf3 Nc6 6. 0-0 Bg4 7. h3 Bh5 8. g4 Bg6 9. Re1 f6 10. Nc3 Nb6 11. Bb5 Qd7 12. d4 a6 13. Bxc6 Qxc6 14. dxe5 f5 15. Nd4 Qc4 16. Nxf5 h5 17. Qd4 Qe6 18. Nh4 Bf7 19. Bg5 Be7 20. Bxe7 Qxe7 21. Nf5 c5 22. Qd6 Qxd6 23. Nxd6+ Ke7 24. Nxf7 Kxf7 25. Rad1 hxg4 26. hxg4 Rh4 27. Re4 Rah8 28. Kg2 Rh2+ 29. Kf3 R8h3+ 30. Ke2 Rh6 31. Rd6 Re6 32. b3 g5 33. a4 Rh3 34. Nd1 Rxd6 35. exd6 Nd5 36. Re5 Nf4+ 37. Kd2 Rh6 38. Rxg5 Rxd6+ 39. Ke1 Ne6 40. Rf5+ Kg6 41. Ne3 b6 42. Nc4 Rd4 43. Ne5+ Kg7 44. Rf7+ Kg8 45. Rf3 Nf4 46. Nd3 Re4+ 47. Kd2 Nd5 48. Rf5 Ne7 49. Re5 Rxe5 50. Nxe5 Kg7 51. Nd7 Nc8 52. f4 Kf7 53. Ke3 Ke6 54. Ne5 Nd6 55. Nc4 Nc8 56. f5+ Kd5 57. g5 b5 58. f6 Ke6 59. axb5 axb5 60. Ne5 Nd6 61. Kf4 c4 62. bxc4 bxc4 63. f7 Ke7 64. g6 1-0

[Event "Bled Planinc Memorial 1st"]
[Site "Bled"]
[Date "2018.11.24"]
[Round "9"]
[White "Plesec, Damjan"]
[Black "Karasev, Vladimir I"]
[Result "1-0"]
[WhiteElo "2250"]
[BlackElo "2314"]
[PlyCount "171"]
[EventDate "2018.11.24"]
[EventType "swiss (blitz)"]
[EventRounds "9"]
[EventCountry "SLO"]
[SourceTitle "CBM 187 Extra"]
[Source "ChessBase"]
[SourceDate "2018.11.04"]
[SourceVersion "1"]
[SourceVersionDate "2018.11.04"]
[SourceQuality "1"]

1. d4 d6 2. Nf3 g6 3. g3 Bg7 4. Bg2 c6 5. 0-0 Nf6 6. c4 Qa5 7. Qd2 Qh5 8. Qg5 Qxg5 9. Bxg5 Ne4 10. Be3 Na6 11. a3 Be6 12. Nbd2 Nxd2 13. Nxd2 0-0 14. Rac1 Rac8 15. Rc2 Bf5 16. Be4 Bd7 17. Rfc1 Nc7 18. b4 a6 19. Nb3 Ne6 20. c5 d5 21. Bd3 Nd8 22. Bd2 Bf5 23. Bxf5 gxf5 24. f4 h5 25. e3 h4 26. Kg2 Bf6 27. Ra1 Kg7 28. Nc1 Rh8 29. Nd3 Ne6 30. a4 hxg3 31. hxg3 Rcg8 32. Rh1 Rxh1 33. Kxh1 Kf8 34. Kg2 Ke8 35. Rb2 Nc7 36. Be1 e6 37. Kf3 Rh8 38. Kg2 Kd7 39. Bf2 Bg7 40. Be1 Ra8 41. Bd2 Bf6 42. Rb1 Rg8 43. Be1 Kc8 44. Kf3 Rh8 45. Kg2 Bg7 46. Nc1 f6 47. Bc3 e5 48. fxe5 fxe5 49. dxe5 Ne6 50. Nd3 Ng5 51. Nf4 Re8 52. Nd3 Ne4 53. Bd4 Rg8 54. Rf1 Bh6 55. Rf3 Kd7 56. Nf2 Ke6 57. Nxe4 dxe4 58. Rf1 Bg7 59. Rh1 Bxe5 60. Rh6+ Kd5 61. Bxe5 Kxe5 62. Rh7 Rd8 63. Rxb7 Rd2+ 64. Kf1 Ra2 65. a5 Kd5 66. Rb6 Kc4 67. Rxc6 Kd3 68. Rf6 Rb2 69. Rxf5 Kxe3 70. c6 Rxb4 71. Rc5 Kf3 72. Rc1 Rb8 73. c7 Rc8 74. Rc6 e3 75. Rf6+ Ke4 76. Rf7 Kd3 77. Rd7+ Kc4 78. g4 Kc5 79. Ke2 Kc6 80. Re7 Kd6 81. Rg7 Re8 82. g5 Kc6 83. g6 Kb5 84. Re7 Rc8 85. g7 Kxa5 86. Rf7 1-0

[Event "WchT Seniors 65"]
[Site "Dresden"]
[Date "2018.07.12"]
[Round "6.3"]
[White "Sprotte, Norbert"]
[Black "Karasev, Vladimir I"]
[Result "1/2-1/2"]
[WhiteElo "2143"]
[BlackElo "2337"]
[PlyCount "37"]
[EventDate "2018.07.07"]
[EventType "team-swiss"]
[EventRounds "9"]
[EventCountry "GER"]
[SourceTitle "CBM 185 Extra"]
[Source "ChessBase"]
[SourceDate "2018.07.29"]
[SourceVersion "1"]
[SourceVersionDate "2018.07.29"]
[SourceQuality "1"]
[WhiteTeam "Berlin"]
[BlackTeam "St Petersburg"]
[WhiteTeamCountry "GER"]
[BlackTeamCountry "RUS"]

1. d4 Nf6 2. Nf3 d6 3. Nc3 d5 4. Bf4 e6 5. e3 Bb4 6. Bd3 c5 7. dxc5 Nbd7 8. 0-0 Bxc3 9. bxc3 Nxc5 10. c4 0-0 11. Ne5 Nxd3 12. cxd3 Ne8 13. cxd5 f6 14. Nf3 e5 15. Bg3 Qxd5 16. e4 Qf7 17. d4 Be6 18. Qa4 b5 19. Qxb5 1/2-1/2

[Event "St Petersburg IM2"]
[Site "St Petersburg"]
[Date "2017.11.02"]
[Round "3"]
[White "Donskov, Anatoly"]
[Black "Karasev, Vladimir I"]
[Result "1/2-1/2"]
[WhiteElo "2308"]
[BlackElo "2339"]
[PlyCount "123"]
[EventDate "2017.10.31"]
[EventType "tourn"]
[EventRounds "9"]
[EventCountry "RUS"]
[EventCategory "3"]
[SourceTitle "CBM 181 Extra"]
[Source "ChessBase"]
[SourceDate "2017.12.12"]
[SourceVersion "1"]
[SourceVersionDate "2017.12.12"]
[SourceQuality "1"]

1. e4 d5 2. exd5 Qxd5 3. Nc3 Qd6 4. d4 Nf6 5. Nf3 Bg4 6. Nb5 Qd8 7. Bf4 Nd5 8. Bg3 c6 9. Na3 e6 10. Nc4 Bb4+ 11. c3 Nxc3 12. bxc3 Bxc3+ 13. Ke2 Qd5 14. Nd6+ Ke7 15. Rb1 b5 16. Qb3 Bxd4 17. Qxd5 exd5 18. h3 Bxf3+ 19. Kxf3 g6 20. Bxb5 cxb5 21. Rhe1+ Kd7 22. Rxb5 Bc3 23. Rb7+ Kc6 24. Ree7 Na6 25. Nb5 Bb4 26. Rxf7 Bc5 27. Nxa7+ Bxa7 28. Rxa7 Rxa7 29. Rxa7 Nc5 30. Rc7+ Kb5 31. Be5 Re8 32. Bb2 Ne6 33. Rc1 Nc5 34. Bd4 Ne6 35. Ke3 g5 36. a3 Ra8 37. Rb1+ Kc6 38. Rb6+ Kd7 39. Rb7+ Kc6 40. Rb6+ Kd7 41. Bb2 h5 42. g3 Ra4 43. Rb4 Ra8 44. f4 gxf4+ 45. gxf4 Rf8 46. Be5 Kc6 47. Rb3 d4+ 48. Kf3 Kd5 49. Rb6 Ng5+ 50. Ke2 Nxh3 51. Rd6+ Kc5 52. Rxd4 Nxf4+ 53. Ke3 Nd5+ 54. Ke4 Nc3+ 55. Kd3 Rf3+ 56. Kd2 Nb5 57. Rh4 Rf5 58. Bb2 Nd6 59. Kc2 Nc4 60. Bc1 Rf2+ 61. Kb1 Nd2+ 62. Bxd2 1/2-1/2

[Event "St Petersburg IM2"]
[Site "St Petersburg"]
[Date "2017.11.01"]
[Round "2"]
[White "Karasev, Vladimir I"]
[Black "Schekachikhin, Maksim"]
[Result "1/2-1/2"]
[WhiteElo "2339"]
[BlackElo "2348"]
[PlyCount "142"]
[EventDate "2017.10.31"]
[EventType "tourn"]
[EventRounds "9"]
[EventCountry "RUS"]
[EventCategory "3"]
[SourceTitle "CBM 181 Extra"]
[Source "ChessBase"]
[SourceDate "2017.12.12"]
[SourceVersion "1"]
[SourceVersionDate "2017.12.12"]
[SourceQuality "1"]

1. d4 d5 2. Nf3 Nf6 3. c4 e6 4. Nc3 c6 5. e3 Nbd7 6. Bd3 dxc4 7. Bxc4 b5 8. Be2 Bb7 9. a3 b4 10. axb4 Bxb4 11. 0-0 0-0 12. Ba6 Qb6 13. Qe2 c5 14. Bxb7 Qxb7 15. Na2 Ba5 16. dxc5 Rfc8 17. b4 Bxb4 18. Nxb4 Qxb4 19. Ba3 Qg4 20. Qc2 Nb8 21. Ne5 Qe4 22. Qxe4 Nxe4 23. Rfb1 Nc6 24. Nc4 Rcb8 25. Rd1 Rd8 26. f3 Nc3 27. Rd6 Rac8 28. Bb2 Nb5 29. Rxd8+ Rxd8 30. Ra6 Nb4 31. Ra4 Rd1+ 32. Kf2 Nd3+ 33. Kg3 Nxc5 34. Ra5 a6 35. Ba3 Nb7 36. Rxa6 Nxa3 37. Rxa3 f6 38. Ra6 e5 39. e4 Rd7 40. Nb6 Rd6 41. Ra8+ Rd8 42. Ra7 Nc5 43. Nd5 Rd7 44. Ra8+ Kf7 45. h4 Ne6 46. h5 h6 47. Kg4 Nd4 48. Ne3 Rb7 49. Nf5 Nxf5 50. Kxf5 Rc7 51. g3 Rb7 52. f4 exf4 53. gxf4 Rc7 54. e5 fxe5 55. fxe5 Rb7 56. Ra5 Re7 57. Rd5 Ra7 58. Rd6 Rb7 59. Ra6 Rc7 60. e6+ Ke7 61. Kg6 Rc5 62. Ra7+ Kxe6 63. Rxg7 Rf5 64. Kxh6 Kf6 65. Ra7 Rb5 66. Ra6+ Kf7 67. Rg6 Ra5 68. Rg7+ Kf6 69. Rb7 Rc5 70. Rb1 Kf7 71. Rb8 Ra5 1/2-1/2

[Event "Chigorin Memorial 25th"]
[Site "St Petersburg"]
[Date "2017.10.24"]
[Round "4"]
[White "Karasev, Vladimir I"]
[Black "Gurjevskoy, Denis"]
[Result "1-0"]
[WhiteElo "2339"]
[BlackElo "2089"]
[PlyCount "65"]
[EventDate "2017.10.21"]
[EventType "swiss"]
[EventRounds "9"]
[EventCountry "RUS"]
[SourceTitle "CBM 181 Extra"]
[Source "ChessBase"]
[SourceDate "2017.12.12"]
[SourceVersion "1"]
[SourceVersionDate "2017.12.12"]
[SourceQuality "1"]

1. d4 d5 2. c4 Nc6 3. cxd5 Qxd5 4. e3 e5 5. Nc3 Bb4 6. a3 Bxc3+ 7. bxc3 Nf6 8. c4 Qd6 9. d5 Ne7 10. Bb2 c6 11. Nf3 Bg4 12. Bxe5 Bxf3 13. Bxd6 Bxd1 14. Rxd1 cxd5 15. cxd5 Rd8 16. Bb5+ Kf8 17. Bc5 a6 18. d6 Ned5 19. Bc4 Nc3 20. Rd4 Rd7 21. Bb4 Na4 22. Bb3 Nb6 23. Ke2 g5 24. h4 Rg8 25. g3 Nc8 26. Bc2 gxh4 27. Bf5 hxg3 28. Bxd7 g2 29. Rc1 Nxd7 30. Rxc8+ Kg7 31. Rg4+ Kh6 32. Rcxg8 g1Q 33. Rh4# 1-0

[Event "Chigorin Memorial 25th"]
[Site "St Petersburg"]
[Date "2017.10.22"]
[Round "2"]
[White "Karasev, Vladimir I"]
[Black "Alekseev, Evgeny V"]
[Result "1/2-1/2"]
[WhiteElo "2339"]
[BlackElo "2622"]
[PlyCount "84"]
[EventDate "2017.10.21"]
[EventType "swiss"]
[EventRounds "9"]
[EventCountry "RUS"]
[SourceTitle "CBM 181 Extra"]
[Source "ChessBase"]
[SourceDate "2017.12.12"]
[SourceVersion "1"]
[SourceVersionDate "2017.12.12"]
[SourceQuality "1"]

1. d4 Nf6 2. c4 e6 3. Nf3 d5 4. Nc3 Bb4 5. Qa4+ Nc6 6. Ne5 Bd7 7. Nxd7 Nxd7 8. e3 Nb6 9. Qb3 e5 10. cxd5 Qxd5 11. Qxd5 Nxd5 12. Bd2 0-0-0 13. Bc4 Nb6 14. Bxf7 exd4 15. exd4 Rd7 16. Bh5 Re7+ 17. Be3 Nd5 18. 0-0 Nxe3 19. fxe3 Rxe3 20. Nd5 Re4 21. Nxb4 Nxb4 22. Rf7 g6 23. Bf3 Rxd4 24. Rc1 c6 25. Re1 Nd5 26. Bxd5 Rxd5 27. Ree7 Rd1+ 28. Kf2 Rd2+ 29. Re2 Rd7 30. Ree7 Rxe7 31. Rxe7 Rd8 32. Rxh7 Rd2+ 33. Kf3 Rxb2 34. Rg7 c5 35. Rxg6 c4 36. Ke3 Rxa2 37. h4 Ra1 38. h5 Rh1 39. h6 a5 40. Kd4 b5 41. Rg5 Rxh6 42. Rxb5 Rg6 1/2-1/2

[Event "St Petersburg Summer op"]
[Site "St Petersburg"]
[Date "2017.08.22"]
[Round "7"]
[White "Karasev, Vladimir I"]
[Black "Doroshenko, Diana"]
[Result "1-0"]
[WhiteElo "2343"]
[BlackElo "2204"]
[PlyCount "91"]
[EventDate "2017.08.16"]
[EventType "swiss"]
[EventRounds "9"]
[EventCountry "RUS"]
[SourceTitle "CBM 180 Extra"]
[Source "ChessBase"]
[SourceDate "2017.10.06"]
[SourceVersion "1"]
[SourceVersionDate "2017.10.06"]
[SourceQuality "1"]

1. c4 Nf6 2. Nf3 g6 3. Nc3 Bg7 4. e4 d6 5. d4 0-0 6. Be2 e5 7. d5 a5 8. 0-0 Na6 9. Bg5 h6 10. Bh4 Qe8 11. Nd2 Nh7 12. a3 Bd7 13. b3 h5 14. h3 b6 15. Rb1 Nc5 16. b4 axb4 17. axb4 Na4 18. Rb3 Nxc3 19. Rxc3 f5 20. exf5 Bxf5 21. g4 hxg4 22. hxg4 Bd7 23. Ne4 Rf4 24. f3 Bxg4 25. Bg3 Bh3 26. Rf2 Rf8 27. c5 bxc5 28. bxc5 Nf6 29. cxd6 Nxe4 30. fxe4 cxd6 31. Bg4 Bxg4 32. Qxg4 Ra7 33. Rxf8+ Bxf8 34. Bh4 Rh7 35. Bf6 Qf7 36. Qe6 g5 37. Rc8 Rh6 38. Rxf8+ Kxf8 39. Qc8+ Qe8 40. Bg7+ Kxg7 41. Qxe8 Rg6 42. Kg2 g4 43. Kg3 Kh7 44. Qf7+ Rg7 45. Qh5+ Kg8 46. Qh6 1-0

[Event "St Petersburg Summer op"]
[Site "St Petersburg"]
[Date "2017.08.21"]
[Round "6"]
[White "Shimanov, Aleksandr"]
[Black "Karasev, Vladimir I"]
[Result "1-0"]
[WhiteElo "2646"]
[BlackElo "2343"]
[PlyCount "109"]
[EventDate "2017.08.16"]
[EventType "swiss"]
[EventRounds "9"]
[EventCountry "RUS"]
[SourceTitle "CBM 180 Extra"]
[Source "ChessBase"]
[SourceDate "2017.10.06"]
[SourceVersion "1"]
[SourceVersionDate "2017.10.06"]
[SourceQuality "1"]

1. d4 d5 2. Bf4 c5 3. e3 Nc6 4. c3 e6 5. Nf3 Bd6 6. Bg3 Nf6 7. Nbd2 Qe7 8. Ne5 Bxe5 9. dxe5 Nd7 10. f4 f6 11. Bh4 Qf7 12. exf6 Nxf6 13. Bd3 e5 14. 0-0 e4 15. Bc2 Bg4 16. Qe1 0-0-0 17. h3 Bd7 18. Nb3 b6 19. a4 a5 20. Qe2 Kb7 21. Rfd1 Ka7 22. Nd2 Bc8 23. Nb1 Ba6 24. Qf2 d4 25. Nd2 dxe3 26. Qxe3 Nd5 27. Qxe4 Rde8 28. Qf5 Qxf5 29. Bxf5 Ne3 30. Bd7 Nxd1 31. Rxd1 Kb7 32. Bxe8 Rxe8 33. Nf3 Kc7 34. f5 Bc8 35. g4 Re4 36. Ng5 Rxa4 37. Nf7 b5 38. Nd6 b4 39. Ne8+ Kb6 40. Nxg7 bxc3 41. bxc3 Ne5 42. Bg3 Nxg4 43. hxg4 Rxg4 44. f6 Rxg3+ 45. Kf2 Rg4 46. Kf3 Rg6 47. Rd6+ Kb5 48. f7 Bb7+ 49. Kf4 Rxd6 50. f8Q Rd3 51. Nf5 Bc6 52. Qb8+ Kc4 53. Qb6 Bd7 54. Ne3+ Kxc3 55. Qxc5+ 1-0